Huevos fósiles encontrados en Cevico de la Torre (Palencia) / (Record no. 160902)

MARC details
000 -LEADER
campo de control de longitud fija 00990nam a22002055i 4500
001 - NÚMERO DE CONTROL
campo de control 160902
003 - IDENTIFICADOR DE NÚMERO DE CONTROL
campo de control ES-MaACL
005 - FECHA Y HORA DE LA ÚLTIMA TRANSACCIÓN
campo de control 20230906212143.0
008 - DATOS DE LONGITUD FIJA--INFORMACIÓN GENERAL
campo de control de longitud fija 990304s1898 sp o |||| | spa d
040 ## - FUENTE DE CATALOGACIÓN
Centro catalogador/agencia de origen CCPB | B
Lengua de catalogación spa
Centro/agencia transcriptor CCPB | B
100 1# - ENTRADA PRINCIPAL--NOMBRE DE PERSONA
Nombre de persona Olavarría, Marcial de.
9 (RLIN) 130601
245 10 - MENCIÓN DEL TÍTULO
Título Huevos fósiles encontrados en Cevico de la Torre (Palencia) /
Mención de responsabilidad, etc. por Marcial de Olavarria.
260 ## - PUBLICACIÓN, DISTRIBUCIÓN, ETC.
Lugar de publicación, distribución, etc. Madrid :
Nombre del editor, distribuidor, etc. [s.n.],
Fecha de publicación, distribución, etc. 1898 (
Fabricante Est. Tip. de la Viuda e Hijos de Tello)
300 ## - DESCRIPCIÓN FÍSICA
Extensión 6 p., [1] h. de lám. :
Otras características físicas fot. ;
Dimensiones 26 cm.
530 ## - NOTA DISPONIBLE DE FORMULARIO FÍSICO ADICIONAL
Nota de formato físico adicional disponible Disponible en formato digital.
595 ## -
-- Separata de: Boletín de la Comisión del Mapa geológico de España.
650 #4 - PUNTO DE ACCESO ADICIONAL DE MATERIA--TÉRMINO DE MATERIA
Término de materia o nombre geográfico como elemento de entrada Huevos fósiles-
Subdivisión geográfica Cevico de la Torre.
9 (RLIN) 155412
852 ## - LOCALIZACIÓN
Ubicación ES-MaACL
Número de control de estantería T-1107-F-10
Nota libre -- Enc. hol., conservando la cub. original
-- -- An. ms.: ded. del autor a Federico de Botella y de Hornos
-- -- Enc. en un vol. facticio
856 ## - LOCALIZACIÓN Y ACCESO ELECTRÓNICOS
Identificador Uniforme de Recursos <a href="http://bdh-rd.bne.es/viewer.vm?id=0000077399&page=1 ">http://bdh-rd.bne.es/viewer.vm?id=0000077399&page=1 </a>
Nota pública Biblioteca Digital Hispánica
Holdings
Estatus retirado Estado de pérdida Estado de daño No para préstamo Colección Biblioteca de origen Biblioteca actual Ubicación en estantería Fecha de adquisición Total de préstamos Signatura topográfica completa Código de barras Visto por última vez Precio de reemplazo Tipo de ítem Koha
        Colección de folletos Biblioteca del Ateneo de Madrid Biblioteca del Ateneo de Madrid Depósito folletos 17/01/2008   T-1107-F-10 1168503 23/02/2023 23/02/2023 Folleto